Birds of the Indian Subcontinent: FOR REFERENCE ONLY (Record no. 603023)

MARC details
000 -LEADER
fixed length control field 00476nam a2200145Ia 4500
008 - FIXED-LENGTH DATA ELEMENTS--GENERAL INFORMATION
fixed length control field 100415s9999 xx 000 0 und d
082 ## - DEWEY DECIMAL CLASSIFICATION NUMBER
Item number 20126
Classification number 598.2(54)
100 ## - MAIN ENTRY--PERSONAL NAME
Personal name GREWAL BIKRAM
245 ## - TITLE STATEMENT
Title Birds of the Indian Subcontinent: FOR REFERENCE ONLY
260 ## - PUBLICATION, DISTRIBUTION, ETC. (IMPRINT)
Place of publication, distribution, etc HONG KONG
Date of publication, distribution, etc 2000
Name of publisher, distributor, etc LOCAL COLOUR LTD.
365 ## - TRADE PRICE
Price amount 1249.37
630 ## - SUBJECT ADDED ENTRY--UNIFORM TITLE
Uniform title Birds of the Indian Subcontinent: FOR REFERENCE ONLY
730 ## - ADDED ENTRY--UNIFORM TITLE
Uniform title Birds of the Indian Subcontinent: FOR REFERENCE ONLY
942 ## - ADDED ENTRY ELEMENTS (KOHA)
Koha item type Book
Holdings
Withdrawn status Lost status Damaged status Not for loan Home library Current library Date acquired Cost, normal purchase price Total Checkouts Full call number Barcode Date last seen Price effective from Koha item type
        Bombay Natural History Society Bombay Natural History Society 07/25/2001 1249.37   598.2(54) 20126 BNHS-20126 04/15/2010 04/15/2010 Book